Unintended effects of educational reform in New York (Record no. 78701)

MARC details
000 -CABECERA
campo de control de longitud fija 00667nam a2200241 a 4500
005 - FECHA Y HORA DE LA ÚLTIMA TRANSACCIÓN
campo de control 20210219153514.0
008 - ELEMENTOS DE LONGITUD FIJA--INFORMACIÓN GENERAL
campo de control de longitud fija 991125n 000 0 eng u
035 ## - NÚMERO DE CONTROL DEL SISTEMA
Número de control de sistema UPN01000103714
100 ## - ASIENTO PRINCIPAL--NOMBRE PERSONAL
Nombre de persona Allington, Richard L.
222 ## - TÍTULO CLAVE
Título clave EDUCATIONAL POLICY
245 ## - MENCIÓN DE TÍTULO
Título Unintended effects of educational reform in New York
300 ## - DESCRIPCIÓN FÍSICA
Extensión 397-414
362 ## - FECHAS DE PUBLICACIÓN Y/O DESIGNACIÓN SECUENCIAL
Fecha de publicación y/o designación secuencial 1992 6, no. 4
653 0# - TERMINO DE INDIZACION - NO CONTROLADO
Término no controlado CAMBIO EDUCATIVO
653 0# - TERMINO DE INDIZACION - NO CONTROLADO
Término no controlado DEFICIENCIAS ESCOLARES
653 0# - TERMINO DE INDIZACION - NO CONTROLADO
Término no controlado EFECTIVIDAD ESCOLAR
653 0# - TERMINO DE INDIZACION - NO CONTROLADO
Término no controlado IDENTIFICACION
653 0# - TERMINO DE INDIZACION - NO CONTROLADO
Término no controlado PROGRAMAS TERAPEUTICOS
653 0# - TERMINO DE INDIZACION - NO CONTROLADO
Término no controlado REPETICION DE CURSO
700 ## - ASIENTO SECUNDARIO--NOMBRE DE PERSONAL
Nombre de persona McGill-Franzen, Anne
904 ## - ELEMENTOS DE DATOS D LOCAL, LDD (RLIN)
a AC
b 041525
905 ## - TIPO DE MATERIAL
Tipo de material Articulo

No items available.